000 00792 a2200229 4500
003 CBULib
005 20240411144059.0
008 240411b |||||||| |||| 00| 0 eng d
020 _a9789211128116
040 _aCBULib
_bEnglish
_cCBULib
_erda
041 _aeng
050 _aUNCTAD(05)TC/2010/19/1
110 _aUnited Nations Conference on Trade and Development (UNCTAD)
245 _aTransnational Corporations : volume 19 number 1 April 2010
_c/ by United Nations Conference on Trade and Development (UNCTAD)
260 _bUnited Nations,
_aNew York :
_c2010
300 _a v, 93 pages : illustrations
336 _2rdacontent
_aText |
_btxt
337 _2rdamedia
_aUnmediated |
_bn
338 _2rdacarrier
_aVolume
_bnc
650 _aFOREIGN DIRECT INVESTMENT
942 _2mc
_c029
999 _c84803
_d84803